000 01102nam a22003617a 4500
001 BR7600631
003 BR-BrBNA
005 20230928084903.0
007 ta
008 230509b bl.||||| |||| 00| 0 por d
040 _aBR-BrBNA
_bpor
_cBiblioteca Nacional de Agricultura
041 _a(Por)
072 _aL30; L50
_b5240
_b0120
_b0430
_b8956
090 _ 5240 BR7600631
100 1 _aSouza, A.A. de
110 1 _aUniversidade Federal de Vicosa, MG (Brasil)
_0Tese (Magister Scientiae)
245 1 _aEstudo do valor nutritivo do milho desintegrado com palha e sabugo, do farelo de algodao e da cama de galinheiro para ruminantes [Carneiro; Digestibilidade]
260 3 _aVicosa, MG (Brasil):
_c1975.
300 _a46 p.
500 _a10 tables; 35 ref.; Summary (Por)
650 _aNutricao animal
650 _aCarneiro
650 _aMilho
650 _aAlgodao
650 _aFarelo
650 _aPalha
650 _aSabugo
650 _aCama de galinheiro
650 _aValor nutritivo
650 _aDigestibilidade
909 _a202309
_bLucia
_c55
_dLucia Elande
942 _cBK
999 _c21683
_d21683